Better than = Mejor que (Record no. 739)

MARC details
000 -LEADER
campo de control de longitud fija 02495nam a22003857a 4500
008 - DATOS DE LONGITUD FIJA--INFORMACIÓN GENERAL
campo de control de longitud fija 150907b xxu||||| |||| 00| 0 eng d
020 ## - NÚMERO INTERNACIONAL ESTÁNDAR DEL LIBRO
Número Internacional Estándar del Libro 9789585785731
082 ## - NÚMERO DE LA CLASIFICACIÓN DECIMAL DEWEY
Número de edición 708
Número de clasificación A696b
100 ## - ENTRADA PRINCIPAL--NOMBRE DE PERSONA
Nombre de persona Colin, Jonathan [Director]
9 (RLIN) 3547
245 ## - MENCIÓN DEL TÍTULO
Título Better than = Mejor que
Mención de responsabilidad, etc. Jonathan Colin
260 ## - PUBLICACIÓN, DISTRIBUCIÓN, ETC.
Lugar de publicación, distribución, etc. Colombia :
Nombre del editor, distribuidor, etc. Ministerio de Cultura
Fecha de publicación, distribución, etc. 2015
300 ## - DESCRIPCIÓN FÍSICA
Extensión 266 p.
Otras características físicas ill. (col.)
Dimensiones 22 cm.
505 ## - NOTA DE CONTENIDO CON FORMATO
Mención de responsabilidad Jonathan Colin
-- Juan Fernando Herrán
Título Prefacio / Introducción = Preface / Introduction // Jonathan Colin
-- Los dilemas del consumismo = The impases of consumerism // Slavoj Žižek
-- Nada para botar = Nothing to throw away // Juan Fernando Herrán
-- Casas en el desierto = Houses in the desert // Victor Gama
-- Suena a monte, suena a selva = Sounds of forests, sounds of jungles // Urian Sarmiento
-- Ocoró-Catrera = Reina de Enin // Elkin Calderón
-- Bello puerto de mar = Beautiful port by the sea // Miguel Ángel Rojas
-- El agua es... = Water is... // María Fernanda Cardoso
-- El agua corre, las palabras curan = Water flows, words heal // Abel Rodríguez, Catalina Vargas
-- En el paraíso también hay amenaza minera = There is also mining in Paradise // Julio Fierro
-- Cantos de viaje = Chants of a journey // Fernando Arias, Jonathan Colin
-- Crecer o decrecer, he aquí la cuestión... = Growth de-growth, that is the question... // Oscar Roldán
-- ¿Qué hacer con el olvido? = How can you deal with neglect? // Klidier Josué González
-- La posibilidad de un paisaje = The possibility of a landscape // Osneyder Valoy
-- Lo que el mar arrojó = Washed up on the beach // Charlotte Streck
-- Minando la minería = (Under) Mining the mining sector // Lucas Ospina
546 ## - NOTA DE IDIOMA
Nota de lengua/lenguaje Textos en español e inglés
650 ## - PUNTO DE ACCESO ADICIONAL DE MATERIA--TÉRMINO DE MATERIA
Término de materia o nombre geográfico como elemento de entrada Arte Moderno
9 (RLIN) 145
650 ## - PUNTO DE ACCESO ADICIONAL DE MATERIA--TÉRMINO DE MATERIA
Término de materia o nombre geográfico como elemento de entrada Programa Nuevatopias
9 (RLIN) 3548
650 ## - PUNTO DE ACCESO ADICIONAL DE MATERIA--TÉRMINO DE MATERIA
Término de materia o nombre geográfico como elemento de entrada Arte
Subdivisión cronológica 2013-2014
Subdivisión geográfica Colombia
9 (RLIN) 3549
650 ## - PUNTO DE ACCESO ADICIONAL DE MATERIA--TÉRMINO DE MATERIA
Término de materia o nombre geográfico como elemento de entrada Arte
Subdivisión de forma Consumo
Subdivisión general Crítica
9 (RLIN) 3550
700 ## - ENTRADA AGREGADA--NOMBRE PERSONAL
Nombre de persona Žižek, Slavoj
9 (RLIN) 3552
700 ## - ENTRADA AGREGADA--NOMBRE PERSONAL
Nombre de persona Herrán, Juan Fernando
9 (RLIN) 3553
700 ## - ENTRADA AGREGADA--NOMBRE PERSONAL
Nombre de persona Gama, Victor
9 (RLIN) 3554
700 ## - ENTRADA AGREGADA--NOMBRE PERSONAL
Nombre de persona Sarmiento, Urian
9 (RLIN) 3555
700 ## - ENTRADA AGREGADA--NOMBRE PERSONAL
Nombre de persona Calderón, Elkin
9 (RLIN) 3556
700 ## - ENTRADA AGREGADA--NOMBRE PERSONAL
Nombre de persona Rojas, Miguel Ángel
9 (RLIN) 3557
700 ## - ENTRADA AGREGADA--NOMBRE PERSONAL
Nombre de persona Cardoso, María Fernanda
9 (RLIN) 3079
700 ## - ENTRADA AGREGADA--NOMBRE PERSONAL
Nombre de persona Rodríguez, Abel
9 (RLIN) 3558
700 ## - ENTRADA AGREGADA--NOMBRE PERSONAL
Nombre de persona Vargas, Catalina
9 (RLIN) 3559
700 ## - ENTRADA AGREGADA--NOMBRE PERSONAL
Nombre de persona Fierro, Julio
9 (RLIN) 3560
700 ## - ENTRADA AGREGADA--NOMBRE PERSONAL
Nombre de persona Arias, Fernando
9 (RLIN) 3561
700 ## - ENTRADA AGREGADA--NOMBRE PERSONAL
Nombre de persona Roldán, Oscar
9 (RLIN) 3562
700 ## - ENTRADA AGREGADA--NOMBRE PERSONAL
Nombre de persona González, Klidier Josué
9 (RLIN) 3563
700 ## - ENTRADA AGREGADA--NOMBRE PERSONAL
Nombre de persona Valoy, Osneyder
9 (RLIN) 3564
700 ## - ENTRADA AGREGADA--NOMBRE PERSONAL
Nombre de persona Streck, Charlotte
9 (RLIN) 3565
700 ## - ENTRADA AGREGADA--NOMBRE PERSONAL
Nombre de persona Ospina, Lucas
9 (RLIN) 3566
Holdings
Estatus retirado Estado de pérdida Fuente del sistema de clasificación o colocación Estado de daño No para préstamo Biblioteca de origen Biblioteca actual Ubicación en estantería Fecha de adquisición Total de préstamos Signatura topográfica completa Código de barras Visto por última vez Precio de reemplazo Tipo de ítem Koha
    Clasificación Decimal Dewey     Biblioteca LadoV Biblioteca LadoV   07/09/2015   708 A696b 004063 07/09/2015 07/09/2015 Material 01